| 000 | 00440nam a22001457a 4500 | ||
|---|---|---|---|
| 005 | 20180823142758.0 | ||
| 020 |
_a817000294X _c725.00 |
||
| 035 | _aB-31121, B-031120, B-031123 | ||
| 037 |
_aDPL _bENG |
||
| 100 | _aPanigrahi, R M | ||
| 245 |
_aImpact of information technology on libraries / _cby R M Panigrahi |
||
| 260 |
_aNew Delhi _bEss Ess Publicatons _c2000 |
||
| 300 |
_a325p. _c18 cms. |
||
| 942 |
_2ddc _cEN _h028 _mPAN |
||
| 999 |
_c63510 _d63510 |
||